Quantitative tourism industry analysis : Introduction to input-output, social accounting matrix modeling and tourism satellite accounts
Quantitative Tourism Industry Analysis is the first book to deal with the input-output, social accounting matrix in a way which readers from a non-economics or non-mathematical background can follow, in order to understand how useful their application would be for tourism industry analysis. It acqua...
Na minha lista:
| Autor principal: | |
|---|---|
| Formato: | Livro |
| Idioma: | Undetermined |
| Publicado em: |
Amsterdam
Butterworth-Heinemann
2008
|
| Assuntos: | |
| Tags: |
Adicionar Tag
Sem tags, seja o primeiro a adicionar uma tag!
|
| Thư viện lưu trữ: | Trung tâm Học liệu Trường Đại học Cần Thơ |
|---|
| LEADER | 01231nam a2200229Ia 4500 | ||
|---|---|---|---|
| 001 | CTU_183604 | ||
| 008 | 210402s9999 xx 000 0 und d | ||
| 020 | |c 2013000 | ||
| 082 | |a 338.4791 | ||
| 082 | |b H254 | ||
| 100 | |a Hara, Tadayuki | ||
| 245 | 0 | |a Quantitative tourism industry analysis : | |
| 245 | 0 | |b Introduction to input-output, social accounting matrix modeling and tourism satellite accounts | |
| 245 | 0 | |c Tadayuki Hara | |
| 260 | |a Amsterdam | ||
| 260 | |b Butterworth-Heinemann | ||
| 260 | |c 2008 | ||
| 520 | |a Quantitative Tourism Industry Analysis is the first book to deal with the input-output, social accounting matrix in a way which readers from a non-economics or non-mathematical background can follow, in order to understand how useful their application would be for tourism industry analysis. It acquaints readers with useful applications of economic modelling without the unnecessary burden of higher algebra, so that they will understand concepts of the economics measurement system, Tourism Satellite Accounts (TSA) methodology. | ||
| 650 | |a Tourism,Du lịch | ||
| 650 | |x Econometric models,Mô hình kinh tế | ||
| 904 | |i Hải | ||
| 980 | |a Trung tâm Học liệu Trường Đại học Cần Thơ | ||